[Event "Titled Tue 24th Jun Late"]
[Site "chess.com INT"]
[Date "2025.06.24"]
[Round "9"]
[White "Krzywda, Andrzej"]
[Black "Winkels, Marcel"]
[Result "1-0"]
[WhiteTitle "CM"]
[BlackTitle "CM"]
[WhiteElo "2175"]
[BlackElo "1905"]
[WhiteFideId "1114565"]
[BlackFideId "1003887"]
[EventDate "2025.06.24"]

1. e4 d6 2. d4 Nf6 3. Nc3 g6 4. Be3 Bg7 5. Qd2 c6 6. a4 Nbd7 7. h3 h6 8. Nf3 e5
9. dxe5 dxe5 10. Bc4 Qc7 11. O-O g5 12. Nh2 Nf8 13. Bc5 Ne6 14. Bd6 Qd8 15. Rfd1
Nh5 16. Ng4 Nd4 17. Bxe5 Bxg4 18. Bxg7 Nxg7 19. Qxd4 Qxd4 20. Rxd4 Be6 21. Be2
Ke7 22. Rad1 h5 23. a5 g4 24. h4 Ne8 25. Na4 Nf6 26. Nc5 Rab8 27. Nxe6 fxe6 28.
e5 Nd5 29. c4 Nb4 30. Rd7+ Ke8 31. Rg7 c5 32. Rdd7 Nc6 33. Rxb7 Rxb7 34. Rxb7
Rf8 35. Bd1 Rf4 36. Ba4 1-0

[Event "Titled Tue 24th Jun Late"]
[Site "chess.com INT"]
[Date "2025.06.24"]
[Round "9"]
[White "Guha, Eshan"]
[Black "Ambartsumova, Karina"]
[Result "0-1"]
[BlackTitle "IM"]
[WhiteElo "2071"]
[BlackElo "2403"]
[WhiteFideId "30958628"]
[BlackFideId "4166299"]
[EventDate "2025.06.24"]

1. d4 Nf6 2. c4 e6 3. g3 d5 4. Bg2 dxc4 5. Nf3 Nc6 6. Qa4 Bb4+ 7. Bd2 Bd6 8. O-O
O-O 9. Qxc4 e5 10. dxe5 Nxe5 11. Nxe5 Bxe5 12. Bc3 Bxc3 13. Nxc3 c6 14. Qb3 Qe7
15. Rad1 Be6 16. Qc2 Rac8 17. Rd2 b5 18. Rfd1 a5 19. b3 b4 20. Na4 c5 21. Nb6
Rc7 22. Nc4 Ra7 23. e4 Nd7 24. f4 a4 25. bxa4 Bxc4 26. Qxc4 Nb6 27. Qb5 Nxa4 28.
Rd7 Rxd7 29. Rxd7 Nc3 30. Qc6 Qe6 31. Qxe6 fxe6 32. Rc7 Nxa2 33. Rxc5 Rb8 34.
Rc2 b3 35. Rb2 Nc3 36. e5 Na4 37. Rb1 b2 38. Be4 Nc3 0-1

[Event "Titled Tue 24th Jun Late"]
[Site "chess.com INT"]
[Date "2025.06.24"]
[Round "9"]
[White "Beulen, Marcel"]
[Black "Damaraju, Ashwin"]
[Result "0-1"]
[WhiteTitle "FM"]
[WhiteElo "2359"]
[BlackElo "2084"]
[WhiteFideId "1001450"]
[BlackFideId "39908348"]
[EventDate "2025.06.24"]

1. e4 c5 2. Nf3 d6 3. Bc4 Nf6 4. d3 Nc6 5. O-O e6 6. Bb3 Be7 7. c3 O-O 8. Re1 b5
9. Nbd2 a5 10. d4 a4 11. Bc2 Nd7 12. Bd3 b4 13. a3 Bb7 14. axb4 cxb4 15. Rxa4
bxc3 16. bxc3 Nb6 17. Rxa8 Qxa8 18. Nc4 Nxc4 19. Bxc4 Rc8 20. Bd3 Na5 21. Bd2
Nc4 22. Bg5 Nb2 23. Qd2 Nxd3 24. Qxd3 Bf8 25. c4 Qa7 26. h3 Qa2 27. Rc1 Ba6 28.
Qd2 Qa3 29. c5 dxc5 30. dxc5 Rxc5 31. Rxc5 Qxc5 32. Be3 Qc6 33. Qd8 Qc8 34. Qxc8
Bxc8 35. Bd4 Bb7 36. Nd2 Bb4 37. Be3 Kf8 38. f3 f5 39. exf5 exf5 40. Kf2 Bd5 41.
h4 Kf7 42. g4 Ke6 43. Kg3 Bd6+ 44. Bf4 Bb4 45. Nf1 Be1+ 46. Kg2 fxg4 0-1

[Event "Titled Tue 24th Jun Late"]
[Site "chess.com INT"]
[Date "2025.06.24"]
[Round "9"]
[White "Craciun, Sasha-Matei"]
[Black "Brancaleoni, Maurizio"]
[Result "1-0"]
[WhiteTitle "FM"]
[BlackTitle "FM"]
[WhiteElo "2320"]
[BlackElo "2185"]
[WhiteFideId "1281186"]
[BlackFideId "803022"]
[EventDate "2025.06.24"]

1. e4 c6 2. d4 d5 3. e5 c5 4. dxc5 e6 5. a3 Bxc5 6. Nf3 Ne7 7. b4 Bb6 8. Bd3 a5
9. Bb2 axb4 10. axb4 Rxa1 11. Bxa1 Na6 12. Bc3 Ng6 13. O-O O-O 14. g3 d4 15. Bd2
Nc7 16. h4 h6 17. Na3 Nd5 18. Nc4 Bc7 19. Qe2 Nc3 20. Bxc3 dxc3 21. h5 Ne7 22.
Qe4 g6 23. hxg6 fxg6 24. Nh4 Nf5 25. Nxg6 Rf7 26. Nf4 Nd4 27. Qg6+ Rg7 28. Qxh6
Nf3+ 29. Kg2 Nd2 30. Rh1 Kf7 31. Bg6+ Kf8 32. Nh5 Qd5+ 33. Kg1 Nf3+ 34. Kf1 1-0

[Event "Titled Tue 24th Jun Late"]
[Site "chess.com INT"]
[Date "2025.06.24"]
[Round "9"]
[White "Bucci, Andrea"]
[Black "Kharitonov, Sergei"]
[Result "0-1"]
[BlackTitle "CM"]
[WhiteElo "1526"]
[BlackElo "2014"]
[WhiteFideId "28546890"]
[BlackFideId "4129750"]
[EventDate "2025.06.24"]

1. e4 c5 2. Nf3 d6 3. d4 cxd4 4. Nxd4 Nf6 5. Nc3 a6 6. Be2 e5 7. Nb3 Be7 8. O-O
Qc7 9. f4 Nbd7 10. Be3 b5 11. a3 Bb7 12. Bf3 Rc8 13. Rc1 Nb6 14. Nd5 Nbxd5 15.
exd5 e4 16. Bg4 Rb8 17. Bd4 O-O 18. Bxf6 Bxf6 19. c3 Rfe8 20. Re1 a5 21. Bf5 a4
22. Nd4 Bxd5 23. Re3 g6 24. Bh3 Bg7 25. Nf5 Qc5 26. Nd4 f5 27. Qd2 Rbc8 28. Rd1
Bc4 29. g3 d5 30. Bf1 Bxf1 31. Kxf1 Qc4+ 32. Kg2 Red8 33. Qe2 Bxd4 34. Qxc4 Rxc4
35. Rxd4 Rxd4 36. cxd4 Rc8 37. Re2 Rc4 38. Rd2 Kf7 39. Kf2 Kf6 40. Ke3 h6 41.
Rf2 b4 42. axb4 Rxb4 43. h3 Rb3+ 44. Kd2 Rxb2+ 45. Ke3 Rxf2 46. Kxf2 a3 47. g4
a2 48. Kg3 a1=Q 49. Kh4 Qc1 50. g5+ hxg5+ 51. fxg5+ Qxg5# 0-1

[Event "Titled Tue 24th Jun Late"]
[Site "chess.com INT"]
[Date "2025.06.24"]
[Round "9"]
[White "Zieba, Hubert"]
[Black "Ibarra Jerez, Jose Carlos"]
[Result "0-1"]
[WhiteTitle "CM"]
[BlackTitle "GM"]
[WhiteElo "2233"]
[BlackElo "2545"]
[WhiteFideId "21844704"]
[BlackFideId "2226332"]
[EventDate "2025.06.24"]

1. d4 Nf6 2. c4 d6 3. Nf3 g6 4. Nc3 Bf5 5. g3 Ne4 6. Nb1 Nf6 7. Nc3 Ne4 8. Nb1
Bg7 9. Bg2 Nf6 10. Nc3 O-O 11. O-O Ne4 12. Nb1 Nf6 13. Nc3 Nc6 14. d5 Na5 15. b3
c5 16. Bd2 a6 17. Qe1 b5 18. e4 Bg4 19. e5 Ne8 20. Ne4 Nb7 21. e6 fxe6 22. Neg5
e5 23. h3 Bd7 24. Ne6 Bxe6 25. dxe6 Qc8 26. Ng5 Nd8 27. Bd5 Nc7 28. Qe4 Nxd5 29.
cxd5 Qb7 30. f4 exf4 31. Rae1 Bd4+ 32. Kg2 Rf5 33. Rxf4 Qxd5 34. Rxf5 Qxe4+ 35.
Rxe4 gxf5 36. Rh4 Bf6 37. Rh6 Kg7 38. Rxh7+ Kg6 39. Rh4 Bxg5 40. Bxg5 Kxg5 41.
Rh8 Rb8 42. h4+ Kg6 43. Rxd8 0-1

[Event "Titled Tue 24th Jun Late"]
[Site "chess.com INT"]
[Date "2025.06.24"]
[Round "9"]
[White "Burovic, Rijad"]
[Black "Foldes, Marton Gabor"]
[Result "1-0"]
[WhiteTitle "IM"]
[BlackTitle "FM"]
[WhiteElo "2420"]
[BlackElo "2295"]
[WhiteFideId "14407701"]
[BlackFideId "794708"]
[EventDate "2025.06.24"]

1. e4 c5 2. d3 d5 3. Nd2 dxe4 4. dxe4 Nc6 5. Ngf3 Bg4 6. c3 Nf6 7. h3 Bxf3 8.
Qxf3 Qc7 9. Nc4 O-O-O 10. Bf4 e5 11. Bg5 Be7 12. Be2 Ng8 13. Be3 Nf6 14. O-O h6
15. a3 Kb8 16. b4 Ka8 17. Rfb1 g5 18. Qf5 Qd7 19. b5 Qxf5 20. exf5 Nb8 21. Nxe5
Rhf8 22. c4 Ne4 23. Bf3 Nd6 24. Bxc5 Nxf5 25. Bxe7 Nxe7 26. c5 Nd7 27. Nxd7 Rxd7
28. c6 bxc6 29. bxc6 Rc7 30. Rb7 Rfc8 31. Rc1 Nxc6 32. Rxc7 Rxc7 33. Rxc6 1-0

[Event "Titled Tue 24th Jun Late"]
[Site "chess.com INT"]
[Date "2025.06.24"]
[Round "9"]
[White "Yanev, Tihomir"]
[Black "Mkrtchyan, Mariam"]
[Result "1-0"]
[WhiteTitle "IM"]
[BlackTitle "WIM"]
[WhiteElo "2354"]
[BlackElo "2307"]
[WhiteFideId "2910110"]
[BlackFideId "13310828"]
[EventDate "2025.06.24"]

1. d4 d6 2. Nf3 g6 3. Nc3 Bg7 4. e4 Nd7 5. Bc4 h6 6. Qe2 e5 7. dxe5 dxe5 8. Be3
Ngf6 9. h3 O-O 10. O-O-O Qe7 11. g4 c6 12. g5 hxg5 13. Nxg5 b5 14. Bb3 a5 15. a4
b4 16. Nb1 Nc5 17. Bxc5 Qxc5 18. Rhg1 Ba6 19. Qf3 Bc4 20. Nd2 Bxb3 21. Nxb3 Qe7
22. Kb1 c5 23. Nd2 Rfd8 24. Qe2 Nh5 25. h4 Nf4 26. Qf3 Rd4 27. Nb3 Rdd8 28. Nd2
Rd4 29. b3 Rad8 30. Nc4 f6 31. Rxd4 exd4 32. Nh3 d3 33. Nxf4 dxc2+ 34. Kxc2 f5
35. Nxg6 Qd7 36. Rd1 Qe8 37. Rxd8 Qxd8 38. Qxf5 1-0

[Event "Titled Tue 24th Jun Late"]
[Site "chess.com INT"]
[Date "2025.06.24"]
[Round "9"]
[White "Hansen, Eric"]
[Black "Povshednyi, Ivan"]
[Result "1-0"]
[WhiteTitle "GM"]
[BlackTitle "FM"]
[WhiteElo "2609"]
[BlackElo "2309"]
[WhiteFideId "2606771"]
[BlackFideId "14190907"]
[EventDate "2025.06.24"]

1. e4 c5 2. Nf3 Nc6 3. Bb5 Qb6 4. Nc3 e6 5. O-O Nge7 6. Re1 a6 7. Bf1 Ng6 8. b3
Be7 9. Bb2 O-O 10. Ne2 d5 11. exd5 exd5 12. Ng3 Qc7 13. d4 Bg4 14. dxc5 Bxc5 15.
Qxd5 Qb6 16. Ne4 Bb4 17. Re3 Be6 18. Qh5 Nce7 19. a3 Bd6 20. Neg5 h6 21. Nxe6
fxe6 22. Bc4 Nf4 23. Qg4 Nf5 24. Rxe6 Kh7 25. Re4 Ng6 26. Bd3 Kh8 27. Rae1 Rad8
28. b4 Qc7 29. Qxg6 Bxh2+ 30. Nxh2 Nh4 31. Qxh6+ Kg8 32. Qxh4 1-0

[Event "Titled Tue 24th Jun Late"]
[Site "chess.com INT"]
[Date "2025.06.24"]
[Round "9"]
[White "Zhou, Abigail"]
[Black "Yang, Larry"]
[Result "0-1"]
[WhiteTitle "WCM"]
[WhiteElo "1780"]
[BlackElo "2017"]
[WhiteFideId "39922081"]
[BlackFideId "2637618"]
[EventDate "2025.06.24"]

1. e4 c5 2. Nf3 Nc6 3. d4 cxd4 4. Nxd4 g6 5. c4 Bg7 6. Be3 Qb6 7. Nb3 Qd8 8. Nc3
Bxc3+ 9. bxc3 Nf6 10. Bd3 d6 11. O-O Be6 12. c5 d5 13. f3 dxe4 14. fxe4 O-O 15.
Nd4 Ne5 16. Bc2 Bc4 17. Re1 Qc7 18. Bb3 Rad8 19. Qc2 Bd3 20. Qb2 Bxe4 21. Nb5
Qb8 22. Bh6 Rfe8 23. Bf4 a6 24. Nd4 Qc7 25. Rad1 Qxc5 26. Be3 Nc4 27. Bxc4 Qxc4
28. Bg5 Bc6 29. Rxe7 Rxe7 30. Bxf6 Rde8 31. Bxe7 Rxe7 32. Nxc6 Qxc6 33. Rd8+ Re8
34. Qd2 Rxd8 35. Qxd8+ Kg7 36. Qd4+ Qf6 37. Qb4 b5 38. c4 Qd4+ 39. Kf1 Qxc4+ 40.
Qxc4 bxc4 41. Ke2 f5 42. Kd2 f4 43. Kc3 Kf6 44. Kxc4 Ke5 45. Kc5 g5 46. Kb6 g4
47. Kxa6 f3 48. gxf3 gxf3 49. a4 f2 50. a5 f1=Q+ 51. Kb6 Qh1 52. a6 Qxh2 53. a7
Qh1 54. Kc7 Qa8 55. Kb6 h5 56. Ka6 h4 57. Kb6 h3 58. Ka6 h2 59. Kb6 h1=Q 60. Ka6
Qhb7+ 61. Ka5 Qaxa7# 0-1

[Event "Titled Tue 24th Jun Late"]
[Site "chess.com INT"]
[Date "2025.06.24"]
[Round "9"]
[White "Sheehan, Ethan"]
[Black "Becking, Stephan"]
[Result "1/2-1/2"]
[BlackTitle "IM"]
[WhiteElo "2364"]
[BlackElo "2410"]
[WhiteFideId "30943965"]
[BlackFideId "4632478"]
[EventDate "2025.06.24"]

1. Nf3 d5 2. g3 c6 3. Bg2 Nf6 4. O-O Bg4 5. d4 Nbd7 6. c4 e6 7. Nbd2 Be7 8. Qb3
Qb6 9. c5 Qxb3 10. axb3 O-O 11. b4 a6 12. Nb3 Bxf3 13. Bxf3 e5 14. Na5 Rab8 15.
dxe5 Nxe5 16. Bf4 Nfd7 17. Rfd1 g5 18. Bxe5 Nxe5 19. Bg2 Bd8 20. e4 Bxa5 21.
bxa5 dxe4 22. Bxe4 Rfd8 23. Bf5 Kf8 24. Kf1 Ke7 25. Ke2 h6 26. b3 Kf6 27. Be4
Ke7 28. h3 Rxd1 29. Rxd1 Rd8 30. Rxd8 Kxd8 31. Ke3 Ke7 32. Kd4 Ke6 33. f4 gxf4
34. gxf4 Nd7 35. Bf3 f5 36. Be2 Kf6 37. Bc4 Nf8 38. b4 Ne6+ 39. Ke3 Nc7 40. Kd3
Ke7 41. Kd4 Kf6 42. h4 Ne6+ 43. Ke3 Nf8 44. h5 Ne6 45. Be2 Nc7 46. Bf3 Ke6 47.
Kd4 Nb5+ 48. Kc4 Na3+ 49. Kd3 Nb5 50. Bd1 Nc7 51. Bb3+ Kf6 52. Bg8 Kg7 53. Bb3
Kf6 54. Kd4 Ne6+ 55. Ke3 Nc7 56. Bc4 Ne6 57. Bf1 Nc7 58. Bg2 Ne6 59. Bf3 Nc7 60.
Bg2 Ne6 61. Bf3 Nc7 62. Bg2 1/2-1/2

[Event "Titled Tue 24th Jun Late"]
[Site "chess.com INT"]
[Date "2025.06.24"]
[Round "9"]
[White "Hartge, Gedeon"]
[Black "Kucza, Karol"]
[Result "0-1"]
[WhiteTitle "FM"]
[BlackTitle "FM"]
[WhiteElo "2328"]
[BlackElo "2316"]
[WhiteFideId "12932116"]
[BlackFideId "1159755"]
[EventDate "2025.06.24"]

1. d4 d5 2. c4 e6 3. Nc3 c6 4. e3 Nf6 5. Nf3 Nbd7 6. Qc2 Bd6 7. b3 O-O 8. Be2 b6
9. Bb2 Bb7 10. O-O Qe7 11. Rad1 Rad8 12. Rfe1 Rfe8 13. e4 dxe4 14. Nxe4 Nxe4 15.
Qxe4 Nf6 16. Qh4 c5 17. d5 exd5 18. Bd3 Ne4 19. Qxe7 Bxe7 20. cxd5 Bf6 21. Bxf6
Nxf6 22. Rxe8+ Rxe8 23. d6 Bxf3 24. gxf3 Rd8 25. Ba6 Kf8 26. Kg2 Ne8 27. d7 Nf6
28. Bc8 Ke7 29. Re1+ Kd6 30. Rd1+ Kc7 31. Kg3 Nxd7 32. Bxd7 Rxd7 33. Re1 Kd8 34.
Re3 Rd2 35. a4 Kd7 36. h4 h5 37. f4 f5 38. Kg2 Rd4 39. Rg3 Rxf4 40. Rxg7+ Kc6
41. Rxa7 Rxh4 42. Rf7 Rg4+ 43. Kf3 Rb4 44. Rxf5 Rxb3+ 45. Kg2 Rb4 46. a5 bxa5
47. Rxh5 a4 48. Rh8 Kb7 49. Rh1 a3 50. Ra1 Ra4 51. f4 Kc6 52. f5 Kd5 53. Re1 a2
54. f6 a1=Q 0-1

[Event "Titled Tue 24th Jun Late"]
[Site "chess.com INT"]
[Date "2025.06.24"]
[Round "9"]
[White "Gogolev, Artem"]
[Black "Zeliantsova, Kseniya"]
[Result "0-1"]
[WhiteTitle "IM"]
[BlackTitle "WFM"]
[WhiteElo "2240"]
[BlackElo "2062"]
[WhiteFideId "4116615"]
[BlackFideId "13512617"]
[EventDate "2025.06.24"]

1. d4 Nf6 2. Nf3 g6 3. Nbd2 Bg7 4. e4 d6 5. Bd3 O-O 6. O-O c5 7. c3 Nc6 8. d5
Ne5 9. Nxe5 dxe5 10. Nc4 Ne8 11. Be3 b5 12. Nd2 c4 13. Be2 Nd6 14. a4 Bd7 15.
axb5 Bxb5 16. b3 cxb3 17. Bxb5 Nxb5 18. Qxb3 a6 19. Rfc1 Kh8 20. c4 Nd4 21. Bxd4
exd4 22. c5 f5 23. c6 Qc7 24. Qb7 Qf4 25. Nc4 fxe4 26. Qxe7 Qxf2+ 27. Kh1 e3 28.
d6 e2 29. h3 d3 30. Rab1 Rae8 31. c7 Rxe7 32. dxe7 Rg8 33. Nd6 d2 34. e8=Q Rxe8
35. c8=Q Rxc8 0-1

[Event "Titled Tue 24th Jun Late"]
[Site "chess.com INT"]
[Date "2025.06.24"]
[Round "9"]
[White "Yevchenko, Oleksandr"]
[Black "Marin Ferragut, Pau"]
[Result "1-0"]
[WhiteTitle "CM"]
[BlackTitle "FM"]
[WhiteElo "2276"]
[BlackElo "2380"]
[WhiteFideId "14108267"]
[BlackFideId "54716020"]
[EventDate "2025.06.24"]

1. c4 g6 2. Nc3 Bg7 3. d4 d6 4. e4 e5 5. Nf3 Nc6 6. d5 Nce7 7. c5 dxc5 8. Bc4 h6
9. O-O Bd7 10. Be3 b6 11. Qb3 Nc8 12. Rad1 Nd6 13. a4 a5 14. Nb5 Ne7 15. Nd2 O-O
16. f4 exf4 17. Bxf4 Bg4 18. Rde1 Nxb5 19. Bxb5 Nc8 20. Bc6 Ra7 21. e5 Ne7 22.
Ne4 Nxc6 23. dxc6 Be6 24. Qf3 Qd4+ 25. Kh1 Qxa4 26. Nf6+ Kh8 27. Qe3 Qd4 28.
Bxh6 Qxe3 29. Bxe3 Raa8 30. Rf4 Bxf6 31. exf6 Rfd8 32. Rh4+ Kg8 33. Bh6 Rd4 34.
Rhe4 Rad8 35. h3 Rxe4 36. Rxe4 Rd6 37. Kh2 Rxc6 38. Bg7 Rd6 39. Rh4 1-0

[Event "Titled Tue 24th Jun Late"]
[Site "chess.com INT"]
[Date "2025.06.24"]
[Round "9"]
[White "Bogaudinov, Rushan"]
[Black "Vaganian, Rafael A"]
[Result "0-1"]
[WhiteTitle "FM"]
[BlackTitle "GM"]
[WhiteElo "1912"]
[BlackElo "2449"]
[WhiteFideId "4129288"]
[BlackFideId "13300016"]
[EventDate "2025.06.24"]

1. e4 e6 2. Nf3 d5 3. e5 c5 4. b4 b6 5. b5 a6 6. c4 dxc4 7. Bxc4 axb5 8. Bxb5+
Bd7 9. Bxd7+ Qxd7 10. O-O Nc6 11. Bb2 Nge7 12. Nc3 Nd5 13. d4 c4 14. Ne4 b5 15.
a3 Be7 16. h4 O-O 17. Qc2 h6 18. Rfc1 Rfc8 19. Nc3 Na5 20. Rd1 Nb3 21. Ra2 Nxc3
22. Bxc3 Rxa3 23. Rxa3 Bxa3 24. Qe4 b4 25. Bd2 Nxd2 26. Nxd2 c3 27. Nb3 c2 28.
Re1 c1=Q 29. Nxc1 Bxc1 30. Qb1 Bd2 31. Re4 Bc3 32. Rg4 Bxd4 33. Qxb4 Bxe5 34. g3
Rc1+ 35. Kg2 Qd5+ 36. Qe4 Qxe4+ 37. Rxe4 Bf6 38. Re2 g5 39. hxg5 hxg5 40. Ra2
Kg7 41. Ra4 Kg6 42. Ra6 g4 43. Ra4 Kg5 44. Ra5+ e5 45. Ra7 Kg6 46. Ra6 Rc4 47.
Kf1 Kg7 48. Ra5 Re4 49. Rb5 Bg5 50. Kg2 f6 51. Rb7+ Kg6 52. Rb5 Bd2 53. Kf1 Bc3
54. Rd5 Re1+ 55. Kg2 Bd4 56. f4 exf4 57. gxf4 f5 58. Rd6+ Kh5 59. Rxd4 Kh4 0-1

[Event "Titled Tue 24th Jun Late"]
[Site "chess.com INT"]
[Date "2025.06.24"]
[Round "9"]
[White "Lyakh, Vasiliy"]
[Black "Spyropoulos, Nikolaos"]
[Result "0-1"]
[BlackTitle "IM"]
[WhiteElo "2123"]
[BlackElo "2400"]
[WhiteFideId "14189828"]
[BlackFideId "4298977"]
[EventDate "2025.06.24"]

1. d4 Nf6 2. c4 e6 3. Nc3 Bb4 4. Bd2 O-O 5. e3 b6 6. Bd3 Bb7 7. Nf3 d6 8. a3
Bxc3 9. Bxc3 Nbd7 10. Rc1 a5 11. Qc2 Qe7 12. O-O a4 13. Nd2 e5 14. dxe5 dxe5 15.
Ne4 Rad8 16. Rcd1 Bxe4 17. Bxe4 Nc5 18. Bf5 g6 19. Bh3 Nfe4 20. Bb4 Rxd1 21.
Rxd1 Rd8 22. Bg4 Rxd1+ 23. Qxd1 f5 24. Bf3 Qd7 25. Qxd7 Nxd7 26. Bd1 Nec5 27.
Bc2 Kf7 28. Kf1 Ke6 29. Ke2 e4 30. Kd2 c6 31. Kc3 g5 32. f3 exf3 33. gxf3 h5 34.
h3 h4 35. f4 g4 36. hxg4 fxg4 37. e4 h3 38. f5+ Kf6 39. Kd4 h2 40. e5+ Nxe5 41.
Bxc5 bxc5+ 0-1

[Event "Titled Tue 24th Jun Late"]
[Site "chess.com INT"]
[Date "2025.06.24"]
[Round "9"]
[White "Manukyan, Sargis A."]
[Black "Adewumi, Tanitoluwa"]
[Result "0-1"]
[WhiteTitle "FM"]
[BlackTitle "FM"]
[WhiteElo "2294"]
[BlackElo "2362"]
[WhiteFideId "13303970"]
[BlackFideId "30966396"]
[EventDate "2025.06.24"]

1. d4 c5 2. d5 b5 3. e4 g6 4. a4 b4 5. Nd2 Bg7 6. Nc4 d6 7. Bd3 Nf6 8. Ne2 O-O
9. O-O Nbd7 10. Rb1 Nb6 11. Nxb6 axb6 12. b3 e6 13. dxe6 fxe6 14. e5 dxe5 15.
Bb2 Bb7 16. Ng3 Nd5 17. Bc4 Nf4 18. f3 e4 19. Bxg7 Kxg7 20. fxe4 e5 21. Qe1 Qg5
22. Rd1 Rad8 23. Kh1 Rxd1 24. Qxd1 Rd8 25. Qe1 h5 26. Qf2 h4 27. Ne2 Rd2 28.
Nxf4 Rxf2 29. Ne6+ Kh6 30. Nxg5 Rxf1+ 31. Bxf1 Kxg5 32. Bd3 Kf4 33. Kg1 Bxe4 34.
Kf2 Bxd3 35. cxd3 e4 36. g3+ hxg3+ 37. hxg3+ Ke5 38. Ke3 exd3 39. Kxd3 Kd5 40.
g4 g5 41. Kc2 c4 42. bxc4+ Kxc4 43. Kb2 b3 44. Kb1 Kb4 45. Kb2 Kxa4 46. Kb1 Ka3
47. Ka1 b2+ 48. Kb1 b5 49. Kc2 Ka2 0-1

[Event "Titled Tue 24th Jun Late"]
[Site "chess.com INT"]
[Date "2025.06.24"]
[Round "9"]
[White "Thake, Conrad"]
[Black "Li, Yilin"]
[Result "1-0"]
[WhiteTitle "CM"]
[BlackTitle "WFM"]
[WhiteElo "1873"]
[BlackElo "1922"]
[WhiteFideId "5602947"]
[BlackFideId "8610410"]
[EventDate "2025.06.24"]

1. e4 c5 2. Nf3 a6 3. c4 Nc6 4. Nc3 e5 5. Be2 g6 6. O-O Bg7 7. d3 Nge7 8. Bg5
O-O 9. Qd2 d6 10. h3 Be6 11. Nd5 f6 12. Bh6 b5 13. Bxg7 Kxg7 14. b3 Nd4 15. Nxd4
cxd4 16. Rac1 Bxd5 17. cxd5 Rc8 18. Rxc8 Qxc8 19. Rc1 Qb7 20. Qb4 Qb6 21. Bg4 a5
22. Qd2 b4 23. Be6 f5 24. Qg5 Qd8 25. h4 h6 26. Qg3 Kh7 27. f3 f4 28. Qf2 Rh8
29. Rc4 g5 30. h5 Qe8 31. Bg4 Kg7 32. Rc7 Rf8 33. Qc2 Kh8 34. Qc4 Qd8 35. Rd7
Qe8 36. Qc7 Rf7 37. Be6 Rg7 38. Qxd6 Ng8 39. Rxg7 Kxg7 40. Bg4 Qe7 41. Qb6 Nf6
42. d6 Qe8 43. Qc7+ Kf8 44. d7 1-0

[Event "Titled Tue 24th Jun Late"]
[Site "chess.com INT"]
[Date "2025.06.24"]
[Round "9"]
[White "Melillo, Lucius"]
[Black "Rosen, Eric"]
[Result "0-1"]
[WhiteTitle "FM"]
[BlackTitle "IM"]
[WhiteElo "2170"]
[BlackElo "2377"]
[WhiteFideId "30958245"]
[BlackFideId "2032562"]
[EventDate "2025.06.24"]

1. d4 e6 2. e4 d5 3. Nd2 Nc6 4. Ngf3 Nf6 5. e5 Nd7 6. Nb3 f6 7. Bb5 a6 8. Bxc6
bxc6 9. O-O f5 10. Bg5 Be7 11. Bxe7 Qxe7 12. Na5 Nb8 13. c3 c5 14. b4 c4 15. Qd2
O-O 16. Qg5 Qf7 17. Qf4 h6 18. h4 g6 19. g3 Qg7 20. Kg2 Nd7 21. Rh1 Nb6 22. Rag1
Bd7 23. Nb7 Rae8 24. Nc5 Ba4 25. Kf1 Bc2 26. Ne1 Bb1 27. a3 a5 28. Qc1 Bd3+ 29.
Nexd3 cxd3 30. Nxd3 axb4 31. axb4 Nc4 32. g4 f4 33. Nxf4 Qf7 34. Nh3 Qf3 35.
Qxh6 Ne3+ 36. Qxe3 Qxe3 37. h5 Ra8 38. hxg6 Ra2 39. Kg2 Raxf2+ 40. Nxf2 Rxf2# 0-1

[Event "Titled Tue 24th Jun Late"]
[Site "chess.com INT"]
[Date "2025.06.24"]
[Round "9"]
[White "Barwinska, Ewa"]
[Black "Tikhonov, Viacheslav"]
[Result "1-0"]
[WhiteTitle "WFM"]
[BlackTitle "CM"]
[WhiteElo "2014"]
[BlackElo "2183"]
[WhiteFideId "21833761"]
[BlackFideId "44196407"]
[EventDate "2025.06.24"]

1. d4 Nf6 2. c4 g6 3. Nc3 d5 4. cxd5 Nxd5 5. e4 Nxc3 6. bxc3 Bg7 7. f4 c5 8. Nf3
Nc6 9. Bb5 cxd4 10. Bxc6+ bxc6 11. cxd4 c5 12. O-O O-O 13. Be3 Bg4 14. e5 cxd4
15. Qxd4 Qa5 16. h3 Bf5 17. Qc5 Qa4 18. Qxe7 Rfe8 19. Qc5 Red8 20. Nd4 Bf8 21.
Qc6 Qxc6 22. Nxc6 Rd3 23. Bf2 Be4 24. Nxa7 Rd2 25. Nb5 Rb2 26. Nd6 Bxd6 27. exd6
Rd8 28. Rfd1 h5 29. a4 Kf8 30. a5 Rb5 31. a6 Ba8 32. a7 f6 33. Rab1 Ra5 34. Rb8
Ke8 35. Rxd8+ Kxd8 36. Bb6+ 1-0

[Event "Titled Tue 24th Jun Late"]
[Site "chess.com INT"]
[Date "2025.06.24"]
[Round "9"]
[White "Caruana, Fabiano"]
[Black "Bortnyk, Olexandr"]
[Result "1-0"]
[WhiteTitle "GM"]
[BlackTitle "GM"]
[WhiteElo "2777"]
[BlackElo "2601"]
[WhiteFideId "2020009"]
[BlackFideId "14120828"]
[EventDate "2025.06.24"]

1. d4 d6 2. e4 Nf6 3. Nc3 e5 4. Nf3 Nbd7 5. Bc4 Be7 6. O-O O-O 7. a4 a6 8. a5 b5
9. axb6 cxb6 10. Re1 Bb7 11. Bd3 b5 12. d5 b4 13. Na4 Nb6 14. c4 Nfd7 15. Be3
Nxa4 16. Rxa4 a5 17. Qa1 Qc7 18. Nd2 Nc5 19. Bxc5 Qxc5 20. Nb3 Qb6 21. Rxa5 Rfb8
22. Qa4 Rxa5 23. Qxa5 Qxa5 24. Nxa5 Bd8 25. Nxb7 Rxb7 26. Ra1 Kf8 27. c5 dxc5
28. Bc4 Ke7 29. h4 Bb6 30. Ra8 Ra7 31. Rc8 Bc7 32. h5 h6 33. g3 Bd6 34. b3 Ra1+
35. Kg2 Re1 36. Kf3 Rc1 37. Ra8 Rc2 38. Ra7+ Kf8 39. Rd7 Be7 40. d6 Bf6 41.
Rxf7+ Ke8 42. Rc7 Rd2 43. Bb5+ Kf8 44. Rc8+ Kf7 45. Bc4+ 1-0

[Event "Titled Tue 24th Jun Late"]
[Site "chess.com INT"]
[Date "2025.06.24"]
[Round "9"]
[White "Mei, Austin"]
[Black "Fandi, Mazen"]
[Result "1-0"]
[WhiteTitle "FM"]
[BlackTitle "FM"]
[WhiteElo "2280"]
[BlackElo "2302"]
[WhiteFideId "30948479"]
[BlackFideId "7611625"]
[EventDate "2025.06.24"]

1. e4 c6 2. d3 d5 3. Nd2 e5 4. Ngf3 Bd6 5. g3 Nf6 6. Bg2 O-O 7. O-O h6 8. Re1
Nbd7 9. a3 Qc7 10. b4 a5 11. Rb1 axb4 12. axb4 Nb6 13. c4 dxc4 14. dxc4 Na4 15.
Qc2 b5 16. c5 Be7 17. Nf1 Be6 18. Ne3 Rfd8 19. Nf5 Bf8 20. h3 Bc4 21. Bf1 Bxf1
22. Kxf1 Kh7 23. g4 g6 24. Ng3 Bg7 25. g5 hxg5 26. Bxg5 Rd7 27. Kg2 Rad8 28. h4
Rd3 29. h5 Rc3 30. Qe2 Rdd3 31. Nh4 Rxg3+ 32. fxg3 Nxh5 33. Be3 Bh6 34. Qf2 Qe7
35. Nf3 f6 36. Bxh6 Kxh6 37. Rh1 Kg7 38. Rbd1 Qe6 39. Qd2 Qg4 40. Qd7+ Qxd7 41.
Rxd7+ Kf8 42. Rhd1 Rc2+ 43. Kh3 Nc3 44. Ra1 Ke8 45. Rh7 1-0